00659nam a2200205Ia 4500008004100000016001400041020001600055040001700071050001700088082001000105100002300115245006700138260004400205300002300249440003500272500003200307563001200339650005900351650004300410210303s9999 xx 000 0 und d 2retro2022 a04150546064 aNLNbEnglish aDL148b.L673 a948.9 aLEWIS, Gwynneeaut 4aThe French revolution :brethinking the debate /cGwynne Lewis aLondon :bRoutledge & Kegan Paul,c1993 aix, 131p.b; 22cm. a(Historical connection series) aBibliography : P. (141)-126 a(cased) aFrancevHistoryxRevolution 1788-1799x Historiography aFrancevHistoryxRevolution, 1789-1799